[Event "Nizhnij Tagil op"]
[Site "Nizhnij Tagil"]
[Date "2008.12.08"]
[Round "4"]
[White "Matveev, Vladimir"]
[Black "Goriatchkin, Jouri"]
[Result "1-0"]
[WhiteElo "2222"]
[BlackElo "2370"]
[PlyCount "137"]
[EventDate "2008.12.06"]
[EventType "swiss"]
[EventRounds "11"]
[EventCountry "RUS"]
[SourceTitle "EXT 2010"]
[Source "ChessBase"]
[SourceDate "2010.11.25"]
[SourceVersion "1"]
[SourceVersionDate "2010.11.25"]
[SourceQuality "1"]

1. d4 f5 2. c4 Nf6 3. g3 g6 4. Bg2 Bg7 5. Nf3 0-0 6. 0-0 d6 7. Nc3 Qe8 8. d5 Na6 9. Nd4 Bd7 10. Rb1 c5 11. Nc2 Nb4 12. a3 Nxc2 13. Qxc2 Rb8 14. Qd3 b6 15. h3 Qf7 16. Kh2 e5 17. dxe6 Bxe6 18. b3 Rfd8 19. Bg5 h6 20. Bxf6 Qxf6 21. Bd5 Kh7 22. Bxe6 Qxe6 23. Nd5 Be5 24. Rbe1 Re8 25. e4 Kg7 26. exf5 Qxf5 27. Qxf5 gxf5 28. f4 Bf6 29. Kg2 h5 30. Kf3 Kf7 31. Rxe8 Rxe8 32. Rd1 Bd4 33. g4 hxg4+ 34. hxg4 fxg4+ 35. Kxg4 Rg8+ 36. Kf3 Rh8 37. Ke4 Kg6 38. Ne7+ Kf6 39. Nc6 Re8+ 40. Kd5 Re3 41. Rb1 Rd3 42. Nxa7 Bb2+ 43. Kc6 Bxa3 44. Nb5 Bb4 45. Nxd6 Rf3 46. Nc8 Kf5 47. Nxb6 Ke4 48. Na4 Kd3 49. Nxc5+ Kc2 50. Rg1 Rxf4 51. Rg2+ Kc3 52. Rg3+ Kc2 53. Kb5 Bd2 54. Na6 Rf5+ 55. c5 Be1 56. Rh3 Rg5 57. b4 Bg3 58. Kb6 Kb3 59. c6 Ka4 60. Rxg3 Rxg3 61. c7 Rg8 62. b5 Rh8 63. Nb8 Rc8 64. Na6 Rh8 65. Nc5+ Kb4 66. Ne6 Rc8 67. Kc6 Re8 68. Nd8 Re5 69. Kd6 1-0

[Event "RUS-chT Clubs U18"]
[Site "Rybinsk"]
[Date "2008.08.05"]
[Round "4.33"]
[White "Sergienko, Anton"]
[Black "Matveev, Vladimir"]
[Result "0-1"]
[WhiteElo "1902"]
[BlackElo "2222"]
[PlyCount "66"]
[EventDate "2008.08.02"]
[EventType "team"]
[EventRounds "9"]
[EventCountry "RUS"]
[SourceTitle "EXT 2020"]
[Source "ChessBase"]
[SourceDate "2019.10.17"]
[SourceVersion "1"]
[SourceVersionDate "2019.10.17"]
[SourceQuality "1"]

1. d4 Nf6 2. c4 g6 3. Nc3 Bg7 4. g3 0-0 5. Bg2 d6 6. Nf3 Nc6 7. 0-0 a6 8. d5 Na5 9. Qd3 c5 10. e4 Rb8 11. a4 e5 12. Nd2 Bh6 13. Ra3 Bd7 14. Nb3 Bxc1 15. Rxc1 Nxb3 16. Rxb3 Nh5 17. Qe2 Qg5 18. Re1 b6 19. Ra3 f5 20. f3 Ng7 21. Na2 h5 22. b4 h4 23. gxh4 Qxh4 24. b5 axb5 25. axb5 fxe4 26. fxe4 Nh5 27. Rf1 Nf4 28. Qd2 Nxg2 29. Qxg2 Rxf1+ 30. Qxf1 Rf8 31. Qe2 Bh3 32. Rxh3 Qxh3 33. Qg2 Qe3+ 0-1

[Event "Kostroma Volga Cup op"]
[Site "Kostroma"]
[Date "2008.07.??"]
[Round "5"]
[White "Matveev, Vladimir"]
[Black "Nikitin, Aleksander I"]
[Result "0-1"]
[WhiteElo "2222"]
[BlackElo "2060"]
[PlyCount "46"]
[EventDate "2008.07.??"]
[EventType "swiss"]
[EventRounds "9"]
[EventCountry "RUS"]
[SourceTitle "EXT 2009"]
[Source "ChessBase"]
[SourceDate "2008.11.26"]
[SourceVersion "1"]
[SourceVersionDate "2008.11.26"]
[SourceQuality "1"]

1. d4 Nf6 2. c4 e6 3. Nc3 Bb4 4. Qc2 0-0 5. Nf3 b6 6. e4 d5 7. e5 Nfd7 8. Bf4 f5 9. cxd5 exd5 10. Bd3 c5 11. Bxf5 cxd4 12. Nxd4 Nc5 13. Bxh7+ Kh8 14. Bg3 Ba6 15. 0-0-0 Qg5+ 16. f4 Qh6 17. Nxd5 Rc8 18. Nxb4 Ncd7 19. Qxc8+ Bxc8 20. Be4 a5 21. Bxa8 axb4 22. Nf5 Qe6 23. Be4 Qxa2 0-1

[Event "Nizhnij Tagil City-ch"]
[Site "Nizhnij Tagil"]
[Date "2007.12.10"]
[Round "8"]
[White "Dashevsky, Sergey"]
[Black "Matveev, Vladimir"]
[Result "0-1"]
[WhiteElo "2268"]
[BlackElo "2222"]
[PlyCount "48"]
[EventDate "2007.11.26"]
[EventType "tourn"]
[EventRounds "13"]
[EventCountry "RUS"]
[SourceTitle "EXT 2009"]
[Source "ChessBase"]
[SourceDate "2008.11.26"]
[SourceVersion "1"]
[SourceVersionDate "2008.11.26"]
[SourceQuality "1"]

1. e4 d6 2. d4 Nf6 3. Nc3 g6 4. Be2 c6 5. a4 Qa5 6. Bf3 Bg7 7. Nge2 0-0 8. 0-0 e5 9. Be3 Nbd7 10. dxe5 dxe5 11. Qd6 Re8 12. b4 Qd8 13. Rab1 Bf8 14. Qd3 a5 15. b5 Nc5 16. Qxd8 Rxd8 17. bxc6 bxc6 18. Rb6 Ra6 19. Rb8 Bd6 20. Rd1 Nb7 21. Rxd6 Nxd6 22. Bc5 Nd7 23. Bxd6 Nxb8 24. Bxb8 Rb6 0-1